Vida de la V. M. Sor Antonia de la Madre de Dios, religiosa Agustina recoleta, y fundadora en el Convento de Santa Monica de la Puebla de los Angeles, y después en el de Nra. Sra. de la Soledad de la Ciudad de Antequera Valle de Oaxaca (Record no. 8647)

MARC details
000 -CABECERA
campo de control de longitud fija 01173nam a2200217 a 4500
001 - NÚMERO DE CONTROL
campo de control BRCA_8996
005 - FECHA Y HORA DE LA ÚLTIMA TRANSACCIÓN
campo de control 20190320210503.0
008 - DATOS DE LONGITUD FIJA--INFORMACIÓN GENERAL
campo de control de longitud fija 140717s1747----mx-a######---#000-0#spa-#
041 ## - CÓDIGO DE LENGUA
Código de lengua del texto/banda sonora o título independiente spa
044 ## - CÓDIGO DEL PAÍS DE LA ENTIDAD EDITORA/PRODUCTORA
Código MARC del país mx
084 ## - OTRO NÚMERO DE CLASIFICACIÓN
Número de clasificación LM21
Número de documento/Ítem .V53 1747
100 1# - ENTRADA PRINCIPAL--NOMBRE DE PERSONA
Nombre de persona Sánchez de Castro, Joseph Geronymo
9 (RLIN) 22328
245 10 - MENCIÓN DE TÍTULO
Título Vida de la V. M. Sor Antonia de la Madre de Dios, religiosa Agustina recoleta, y fundadora en el Convento de Santa Monica de la Puebla de los Angeles, y después en el de Nra. Sra. de la Soledad de la Ciudad de Antequera Valle de Oaxaca
Mención de responsabilidad, etc. escrita por su ultimo confessor el R. P. Fr. Joseph Geronymo Sánchez de Castro; quien la consagra a María santissima señora nuestra en su dolorosissima soledad a expensas de las RR. MM. del Convento de la Soledad de Oaxaca.
260 ## - PUBLICACIÓN, DISTRIBUCIÓN, ETC.
Lugar de publicación, distribución, etc. Mexico
Nombre del editor, distribuidor, etc. Por la viudad de D. Joseph Bernardo de Hogal
Fecha de publicación, distribución, etc. 1747
300 ## - DESCRIPCIÓN FÍSICA
Extensión 510 p.
Otras características físicas il.
Dimensiones 21 x 15 cm
500 ## - NOTA GENERAL
Nota general Con licencia en México
500 ## - NOTA GENERAL
Nota general Estado físico: presenta encuadernación en pergamino con cintas rotas, lomo semi desprendido y presencia del pez de plata
600 14 - PUNTO DE ACCESO ADICIONAL DE MATERIA--NOMBRE DE PERSONA
Nombre de persona Antonia de la Madre de Dios
Títulos y otros términos asociados al nombre Sor
Subdivisión de forma Biografía
9 (RLIN) 22329
902 ## - CATALOGADOR
Iniciales CFM
942 ## - ELEMENTOS DE PUNTO DE ACCESO ADICIONAL (KOHA)
Fuente del sistema de clasificación o colocación Library of Congress Classification
Tipo de ítem Koha Libros
Holdings
Estado de retiro Estado de pérdida Estado dañado No para préstamo Localización permanente Ubicación/localización actual Fecha de adquisición Total de préstamos Signatura topográfica completa Código de barras Fecha visto por última vez Precio válido a partir de Tipo de ítem Koha
El ejemplar forma parte de la colección y puede ser consultado según las políticas vigentes.       Biblioteca del Museo Franz Mayer (Rogerio Casas-Alatriste) Biblioteca del Museo Franz Mayer (Rogerio Casas-Alatriste) 14/07/2017   LM21 .V53 1747 CFM00279 22/03/2019 22/03/2019 Libros